click chain - Statistics

General Stats
  • This quiz has been taken 61 times
  • The average score is 9 of 10
Answer Stats
Hint Answer % Correct
... Royale was a film in this franchise Bond
94%
..is where the company mojang,created video game Minecraft
94%
...Carrel starred in US Sitcom The Office
94%
...machines are found in a casino
91%
... who's main character is Steve
91%
...who are a 70's pop band formed in Sweden
91%
...money money is a song by Abba
89%
...is a game which consists of players purchasing property with fake money
85%
...street is green in the board game monopoly
85%
liverpool's manager who succeed Klopp is Arne... Slot
72%
No matching quizzes found
Score Distribution
Percent of People with Each Score
Percentile by Number Answered
Your Score History
You have not taken this quiz